| 000 | 01283cab a2200181 4500 | ||
|---|---|---|---|
| 001 | ABS36821 | ||
| 008 | 090401t1986 xxu||||| |||| 00| 0 eng d | ||
| 035 | _a(Sirsi) u471 | ||
| 041 | _aeng | ||
| 245 | _aBuilding efficiency | ||
| 260 | _c1986 | ||
| 350 | _a0 | ||
| 490 |
_aBuilding _v251 (7463) 19 September 1986, p57-74 (11) |
||
| 520 | _aRunning costs of highly serviced office buildings , are soaring. 1. Life cycle costing . Choice for life. R.Matthews, p58-59 (2) Demonstrates the approach to life cycle costing adopted by the University of Reading. 2. High-tech design. Service cost. Duffy, F. and Williams, B. , p59-61 (3) 40-50% of the budget for the design of a new office building may be absorbed by mechanical and electrical services because of new technology. 3. Smart offices . Think ahead. Atkinson,G. , p61-62 (2) Smart offices have an electronic management system which incorporates control over building services including a telecom network with facilities for sound and digital transmission and a supervisory service with access control, CCTV, smoke and heat detection. Examines the cost-effectiveness of such systems. 4.Product review of building management systems p67-74 (5) | ||
| 690 | _aBUILT ENVIRONMENT-BUILDING COSTS | ||
| 942 | _n0 | ||
| 948 | _c04/03/1997 | ||
| 999 |
_c204 _d204 |
||